000 00334nam a2200133Ia 4500
008 240624s9999 xx 000 0 und d
041 _aeng
082 _a332.6457 ANS
100 _aANSON MARK J P
245 _aCREDIT DERIVATIVES
260 _c2003
_aNew Jersey
_bJohn Wiley and Sons
300 _a341 : p. : cm. ; 24
365 _c
_b30
999 _c11119
_d11119